[Event "Moscow Aeroflot op"]
[Site "Moscow"]
[Date "2002.02.09"]
[Round "8"]
[White "Onischuk, Alexander"]
[Black "Rychagov, Andrey"]
[Result "1-0"]
[WhiteElo "2655"]
[BlackElo "2544"]
[Annotator "Dautov,R"]
[PlyCount "63"]
[EventDate "2002.02.04"]
[EventType "swiss"]
[EventRounds "9"]
[EventCountry "RUS"]
[SourceTitle "CBM 088"]
[Source "ChessBase"]
[SourceDate "2002.03.21"]
[SourceVersion "1"]
[SourceVersionDate "2002.03.21"]
[SourceQuality "1"]

1. c4 e6 2. Nc3 d5 3. d4 Nf6 4. Bg5 Be7 5. e3 O-O 6. Nf3 h6 7. Bh4 b6 8. Be2
Bb7 9. Bxf6 Bxf6 10. cxd5 exd5 11. b4 c6 12. O-O a5 13. b5 c5 14. Ne5 $5 $146 {
Eine beachtenswerte Neuerung. Weiß plant das direkte Vorgehen gegen den Bauern
d5. Bisher spielte man fast ausnahmslos 14.Rc1.} (14. Rc1 Nd7 15. dxc5 Nxc5 16.
Nd4 Rc8 17. Bg4 Rc7 18. Na4 Ne4 19. Qd3 Rc4 20. Nb2 Rc5 21. Na4 Bxd4 22. exd4
Rc4 23. Nc3 Qc7 24. Ne2 f5 25. Bh3 g5 26. f3 Nd6 $11 {Gretarsson,H-Jussupow,A/
Groningen (m/1) 1997}) 14... Qc7 {Eine vernünftige Reaktion. Der überraschende
weiße Zug ließ sich ohnehin nicht direkt widerlegen.} (14... Nd7 $2 15. Nc6
Bxc6 16. bxc6 Nb8 17. c7 Qxc7 18. Nxd5 Qd6 19. Nxf6+ Qxf6 20. dxc5 bxc5 21. Qd5
$16) (14... Bxe5 15. dxe5 d4 16. exd4 cxd4 17. Na4 $14) (14... cxd4 15. exd4
Qc7 16. Na4 Bxe5 17. dxe5 Nd7 18. f4 Nc5 19. Rc1 $14) 15. Ng4 Be7 16. Bf3 Rd8
17. Rc1 ({In Frage kam} 17. dxc5 $5 Qxc5 18. Rc1 Qd6 {, und nun kann Weiß mit
dem schwer zu findenden Zug} 19. Qd4 $1 $14 {seinen Vorteil behaupten:} h5 20.
Ne5 Bf6 21. Nc4 $1 $16) 17... c4 18. Ne5 Bb4 19. Nxd5 $6 {Bei der neuen
FIDE-Zeitkontrolle, mit der in Moskau gespielt wurde, ist dieses Opfer sehr
stark. Um die Widerlegung zu finden, muß man etwas mehr kostbare Zeit in die
Stellung investieren, und wer ist schon dazu bereit?} (19. h3 Bxc3 20. Rxc3 Nd7
$11) 19... Bxd5 20. Bxd5 Rxd5 21. Rxc4 Qd8 22. Qf3 Rxe5 $2 {Danach ist die
schwarze Stellung kaum zu retten.} ({Richtig war} 22... Ra7 23. Rfc1 Ba3 $1 {
Dank diesem feinen Zwischenzug gewinnt Schwarz die Oberhand.} (23... Bf8 $2 24.
Rc8 Qd6 25. Rxf8+ $1 Kxf8 26. Rc8+ $18) 24. Rc8 (24. R1c3 Rxb5 25. Qe4 Bf8 26.
Rc8 Qd6 $17) 24... Bxc1 25. Rxd8+ Rxd8 26. Nc6 Nxc6 27. Qxc6 Ba3 28. Qxb6 Raa8
$15) 23. Qxa8 $16 Re8 24. Rfc1 ({Genauer war} 24. Qb7 $1 $16) 24... Ba3 25.
R1c2 $2 (25. R1c3 $1 Bb4 26. Rc2 Qd7 27. a4 $16) 25... Qd7 26. g3 Qxb5 $2 (
26... Rf8 $1 {hätte Weiß vor größere Probleme gestellt.}) 27. Rc8 Bd6 28. Qb7
$18 Rxc8 29. Rxc8+ Kh7 30. Qxf7 Qb1+ 31. Kg2 Qe4+ 32. f3 1-0

[Event "Olympiad-33"]
[Site "Elista"]
[Date "1998.10.10"]
[Round "11.2"]
[White "Dautov, Rustem"]
[Black "Georgiev, Kiril"]
[Result "1/2-1/2"]
[WhiteElo "2625"]
[BlackElo "2660"]
[Annotator "Dautov,R"]
[PlyCount "70"]
[EventDate "1998.09.29"]
[EventType "team-swiss"]
[EventRounds "13"]
[EventCountry "RUS"]
[SourceTitle "CBM 068"]
[Source "ChessBase"]
[SourceDate "1999.02.01"]
[SourceVersion "1"]
[SourceVersionDate "1999.02.01"]
[SourceQuality "1"]
[WhiteTeam "Germany"]
[BlackTeam "Bulgaria"]
[WhiteTeamCountry "GER"]
[BlackTeamCountry "BUL"]

1. d4 Nf6 2. Nf3 d5 3. c4 e6 4. Nc3 Be7 5. Bg5 h6 6. Bh4 O-O 7. e3 b6 8. Qb3
Bb7 9. Bxf6 Bxf6 10. cxd5 exd5 11. Rd1 Re8 12. Bd3 c5 13. dxc5 Nd7 14. c6 Bxc6
15. O-O Nc5 16. Qa3 (16. Qc2 Rc8 17. Bh7+ Kh8 18. Bf5 Ne6 $11) 16... a5 (16...
Qd7 17. Bc4 Bxc3 18. Qxc3 Rac8 19. Qa3 Red8 20. Be2 $14 {Polugaevsky,L-Ivkov,B/
Bugojno 1980}) (16... Nxd3 17. Rxd3 $14) 17. Ne2 Qd6 (17... Nxd3 18. Qxd3 Bxb2
$2 19. Qc2 Qf6 20. Rb1 $16) 18. Ned4 Bb7 19. Rc1 $1 $146 (19. Bb5 Red8 20. Qc3
Rac8 21. Qd2 Ne4 22. Qe2 Ng5 23. Rd2 g6 24. h3 Rc5 $11 {Bagirov,V-Beliavsky,A/
Moscow 1981}) (19. Rfe1 g6 20. Bb1 Red8 21. Rc1 Rac8 22. Red1 Ba6 23. h3 Be7
24. b3 Qf6 25. Qb2 Bd6 26. a3 Ne4 $11 {Grunberg,S-Beliavsky,A/Bucharest 1980})
19... g6 20. Rfd1 Rac8 21. Bb5 (21. Nb3 Qe7 $11) 21... Red8 22. g3 $6 (22. Rc2
$1 Kg7 (22... Ne4 23. Qxd6 Nxd6 24. Bc6 Ba6 25. Rdc1 Bd3 26. Rc3 Be4 27. Nd2
$14 Nf5 28. Nxe4 dxe4 29. Bxe4 Nxd4 30. Rxc8 (30. exd4 $2 Rb8 $11) 30... Ne2+
31. Kf1 Nxc1 32. Rxc1 Bxb2 33. Rc6 $16) 23. Rdc1 Qb8 24. b4 axb4 25. Qxb4 $14)
22... Kg7 23. Rc2 (23. Bf1 Ne4 24. Qd3 Rc5 $11) (23. Qc3 Ne4 24. Qd3 Rc5 $11)
23... Ne4 $1 24. Qxd6 Nxd6 25. Bc6 Bxc6 $2 (25... Ba6 $1 26. Rdc1 (26. Rcc1 Ne4
$11) 26... Bd3 27. Rc3 Be4 28. Nd2 Nf5 29. N2b3 (29. Nxe4 Bxd4 30. exd4 Nxd4
$11) 29... Ne7 30. Bb5 Rxc3 31. Rxc3 Rc8 $11) 26. Nxc6 Nf5 27. Rdc1 $14 Rd6 28.
g4 Ne7 29. Nxe7 (29. Ncd4 $142 $1 Rdd8 30. Kf1 $14) 29... Rxc2 30. Rxc2 Bxe7
31. Kf1 (31. Rc7 Bf6 32. b3 d4 $11) (31. Nd4 Bf6 32. Nb5 Rd8 33. Kf1 d4 34.
exd4 Bxd4 35. Rd2 Bf6 $11) 31... Rf6 32. Ke2 Bc5 33. h3 (33. Ne5 d4 34. Nd7 $4
d3+ $19) (33. a3 Kf8 34. Ne5 Ke7 35. Nd3 Bd6 36. h3 Kd7 $11) 33... Kf8 34. Rd2
(34. Ne5 Ke7 35. Nd3 Kd6 36. a3 a4 37. Nb4 Re6 $11) 34... Rd6 35. Nd4 $6 (35.
Kd3 $142 Ke7 36. Rc2 $14) 35... Bxd4 (35... Bxd4 36. Rxd4 Ke7 37. Kd3 Ke6 $11 {
/\Rc6}) 1/2-1/2

[Event "Groningen Harmonie"]
[Site "Groningen"]
[Date "2002.12.22"]
[Round "2"]
[White "Li, Wenliang"]
[Black "Baramidze, David"]
[Result "1-0"]
[WhiteElo "2497"]
[BlackElo "2390"]
[Annotator "Dautov,R"]
[PlyCount "67"]
[EventDate "2002.12.21"]
[EventType "tourn"]
[EventRounds "9"]
[EventCountry "NED"]
[EventCategory "10"]
[SourceTitle "CBM 093"]
[Source "ChessBase"]
[SourceDate "2003.04.01"]
[SourceVersion "1"]
[SourceVersionDate "2003.04.01"]
[SourceQuality "1"]

1. d4 d5 2. c4 e6 3. Nc3 Be7 4. Nf3 Nf6 5. Bg5 h6 6. Bh4 O-O 7. e3 b6 8. Be2
Bb7 9. Bxf6 Bxf6 10. cxd5 exd5 11. b4 c6 12. O-O Qd6 {Eine solide Fortsetzung,
aber einfacher ist der Ausgleich mit 12...a5! zu erreichen.} (12... a5 $1 13.
bxa5 Rxa5 14. a4 (14. Qb3 Bc8 15. Na4 Ba6 16. Bxa6 Nxa6 17. Rab1 b5 $15 {
Hulak,K-Lutz,C/Wijk aan Zee 1995}) 14... Bc8 $1 15. Qc2 Be6 16. Rfd1 Nd7 17. h3
Be7 18. Bd3 Re8 $11 {Greenfeld,A-Gurevich,M/Ohrid 2001}) 13. Qb3 Nd7 14. Rfe1
a5 15. bxa5 Rxa5 16. a4 Be7 17. Rab1 Rfa8 $5 $146 {Es läßt sich schwer sagen,
ob der Turm hier besser platziert ist als auf seinem üblichen Feld e8.} (17...
Re8 18. Bf1 Ba6 (18... Bf8 19. Qc2 g6 20. e4 dxe4 21. Nxe4 Qf4 22. Bc4 Bg7 23.
Re2 c5 24. d5 Raa8 25. Rbe1 Rad8 26. Qb3 Ba8 27. g3 Qb8 28. d6 $16 {Karpov,
A-Georgiev,K/Tilburg 1994}) 19. Bxa6 Rxa6 20. e4 dxe4 21. Nxe4 Qg6 22. Re3 Rb8
23. Nc3 Bd6 24. Qc4 b5 $2 (24... Raa8) 25. axb5 cxb5 26. Rxb5 Ra1+ 27. Re1 $16
{Karpov,A-Boensch,U/Baden_Baden 1992}) 18. Bd3 Ba6 19. Bf5 $5 {Dieses
geradelinige Vorgehen gegen die Schwäche b6 ist zweischneidig, führt aber in
Folge schnell zum Erfolg.} (19. Bxa6 R8xa6 20. e4 dxe4 21. Nxe4 Qg6 22. Nc3 $11
) 19... b5 $2 {Deutlich besser war es, vor b6-b5 den Läufer auf dem sicheren
Feld c4 zu verankern.} (19... Bc4 $1 20. Qc2 b5 21. e4 $5 (21. Bxd7 Qxd7 22.
Ne5 Qc8 23. Nxc4 bxc4 $11) (21. axb5 cxb5 $13) 21... b4 22. e5 Qc7 23. e6 Nf8
24. exf7+ Kxf7 25. Ne5+ Kg8 $13) 20. Bxd7 Qxd7 21. Ne5 Qd6 22. axb5 Bxb5 23.
Qc2 Ba6 $2 {Es gab noch keinen Grund , den Bauern c6 abzugeben.} ({Nach dem
korrekten} 23... Bf6 24. Nxb5 cxb5 (24... Rxb5 $2 25. Qxc6 $16) 25. Nd3 $14 {
stünde Weiß nur leicht besser.}) 24. Rb6 $16 Bf6 (24... Rc8 25. Qf5 $16) 25.
Rxc6 Qd8 (25... Qe7 26. f4 $1 (26. Nf3 Qb7 27. Rc5 Rxc5 28. dxc5 Bc4 $14) (26.
Ng4 $2 Bxd4) 26... Bb7 $2 27. Nxd5 Rxd5 28. Rc7 $18) 26. Ng4 Be7 27. Rb1 Bd6
28. e4 $5 {Trotz dem gegnerischen Läuferpaar kann Weiß die Stellung öffnen,
denn seine Figuren stehen sehr aktiv.} dxe4 29. Qxe4 Ra7 30. Ne3 Rh5 (30... Bb7
31. Rxd6 Qxd6 32. Rxb7 Rxb7 33. Qxb7 Qxd4 $16) 31. h3 Bf8 32. Rcb6 Rh4 33. Rb8
Qxd4 $2 (33... Qxb8 34. Rxb8 Rxe4 35. Nxe4 $16) 34. Rxf8+ 1-0

[Event "Asia-ch 4th"]
[Site "Doha"]
[Date "2003.02.26"]
[Round "5"]
[White "Sasikiran, Krishnan"]
[Black "Barsov, Alexei"]
[Result "1-0"]
[WhiteElo "2664"]
[BlackElo "2525"]
[Annotator "Dautov,R"]
[PlyCount "191"]
[EventDate "2003.02.22"]
[EventType "swiss"]
[EventRounds "9"]
[EventCountry "QAT"]
[SourceTitle "CBM 094"]
[Source "ChessBase"]
[SourceDate "2003.05.26"]
[SourceVersion "1"]
[SourceVersionDate "2003.05.26"]
[SourceQuality "1"]

1. Nf3 d5 2. d4 Nf6 3. c4 e6 4. Nc3 Be7 5. Bg5 h6 6. Bh4 O-O 7. e3 b6 8. Be2
dxc4 9. Bxc4 Bb7 10. Bg3 $1 a6 11. a4 Nbd7 12. O-O c5 13. Qe2 cxd4 14. exd4 Nh5
{Besser gefällt mir der Plan mit 14...Bb4, denn die Öffnung des Zentrums gibt
Weiß einen langfristigen Vorteil.} (14... Bb4 15. Rac1 Bxc3 (15... Nh5 16. d5
$1 Nxg3 17. hxg3 exd5 18. Nxd5 $14) (15... Re8 $5) 16. bxc3 Ne4 17. Bh4 Qc7 18.
Bd3 Qc6 19. c4 $14 {Mikhalchishin,A-Ivanchuk,V/Lvov 1987}) 15. d5 $1 Nxg3 16.
hxg3 exd5 17. Nxd5 $1 (17. Bxd5 Bxd5 18. Nxd5 Re8 19. Rfd1 Bc5 $11) 17... Bd6 (
17... Bc5 18. b4 Bd6 19. Rfd1 $14) 18. Rfd1 Nf6 19. Ne3 $14 {[%cal Rc4f7,Rc4a6,
Re3f5,Rf3h4,Rh4f5,Rd1d6] Das schwarze Läuferpaar spielt in dieser Stellung
kaum eine Rolle. Viel wichtiger ist die Tatsache, daß die schwarze Dame noch
keinen guten Platz hat, die weißen Springer das Traumfeld f5 besetzen können,
und der Bc4 sehr stark ist.} (19. Rac1 Re8 20. Ne3 Qe7 $2 21. Bxf7+ $1 {
Ein typischer Einschlag!} Qxf7 22. Rxd6 $16 {Babula,V-Rustemov,A/Germany 2000})
19... Qe7 20. Nh4 Rfd8 21. Nhf5 Qf8 {Die Dame fand ein sicheres Feld, sie
steht allerdings sehr passiv.} (21... Qe5 $2 22. f4 Qc5 23. Rac1 $16) 22. Ng4
Ne4 23. Rd4 $1 Re8 24. Qd3 {Es ist bemerkenswert, mit welch einer Leichtigkeit
die weißen Figuren gute Angriffstellungen finden.} Rad8 25. Rd1 $16 Bc7 (25...
h5 26. Nxd6 Rxd6 27. Rxd6 Nxd6 28. Nh6+ $1 gxh6 29. Qg6+ Kh8 30. Qxd6 $16) 26.
Bxf7+ $1 {Wie so oft, krönt dieser Einschlag die erfolgreiche weiße Strategie.}
Kxf7 (26... Qxf7 27. Ngxh6+ gxh6 28. Nxh6+ Kg7 29. Nxf7 Kxf7 30. Qc4+ $18) 27.
Qc4+ Kg6 28. Qxc7 Rxd4 29. Nxd4 $2 ({Besser war} 29. Nh4+ Kh7 30. Rxd4 $16)
29... Bc8 30. Ne5+ Kh7 (30... Rxe5 $5 31. Qxe5 Qxf2+ 32. Kh2 Nf6 33. Qe1 Qxb2
34. Nf3 $16) 31. Ndf3 Qc5 $1 $14 32. Qxc5 Nxc5 33. Rd4 Bb7 34. Rb4 Re6 35. g4
a5 $6 {Hier und in den nächsten Zügen konnte sich Barsov besser verteidigen,
wahrscheinlich war Zeitnot im Spiel.} (35... Bxf3 $1 36. Nxf3 Nd3 37. Rb3 Nc5
$11) 36. Rd4 Nb3 (36... Bxf3 $1 37. Nxf3 Re2 $14) 37. Rd8 Bxf3 38. Nxf3 Re4 39.
g5 Re6 40. gxh6 Kxh6 41. Nd4 $16 Nxd4 42. Rxd4 g6 43. b4 {Das Turmendspiel ist
verloren für Schwarz.} Re1+ 44. Kh2 axb4 45. Rxb4 Ra1 46. f4 $18 Kg7 47. Kh3
Ra2 48. g3 Ra3 49. Kh4 Kh6 50. Kg4 (50. g4 $1 g5+ (50... Ra1 51. Rxb6 Rxa4 52.
f5 $18) 51. fxg5+ Kg7 52. g6 Kh6 53. g5+ Kg7 54. Kg4 Ra2 55. Kf5 Rf2+ 56. Ke6
Kxg6 57. Rxb6 Kxg5 58. Rb5+ Kg6 59. a5 $18) 50... Kg7 51. Rd4 Rb3 52. Rd5 Ra3
53. Rd7+ Kf6 54. Rd4 Rb3 (54... Kg7 $5) 55. Kh4 b5 56. Rd6+ Kf7 57. a5 Ra3 58.
a6 b4 59. g4 $18 Ra5 60. Rb6 Kg7 61. Rb7+ Kf6 62. a7 b3 63. Rb6+ Kg7 64. Rb7+
Kf6 65. g5+ Ke6 66. f5+ Kxf5 67. Rb5+ Rxb5 68. a8=Q Rb4+ 69. Kg3 Rg4+ 70. Kh3
Rxg5 71. Qf3+ Ke6 72. Qxb3+ Kf6 73. Qc3+ Kf7 74. Qc7+ Kf6 75. Qd8+ Kf5 76. Qf8+
Ke6 77. Kh4 Re5 78. Qg7 g5+ 79. Kg4 Rd5 80. Qg6+ Ke7 81. Qb6 Re5 82. Qc6 Kf7
83. Qd6 Re6 84. Qd5 Kf6 85. Qxg5+ Kf7 86. Kf5 Rd6 87. Qh5+ Ke7 88. Qh7+ Kd8 89.
Ke5 Rd7 90. Qg8+ Kc7 91. Qc4+ Kd8 92. Qc5 Re7+ 93. Kd6 Rd7+ 94. Ke6 Rd1 95. Qc3
Rd7 96. Qa5+ 1-0

[Event "Bundesliga 0203"]
[Site "Germany"]
[Date "2003.02.08"]
[Round "10.4"]
[White "Sadler, Matthew D"]
[Black "Boensch, Uwe"]
[Result "1-0"]
[WhiteElo "2624"]
[BlackElo "2540"]
[Annotator "Dautov,R"]
[PlyCount "45"]
[EventDate "2002.10.19"]
[EventType "team-tourn"]
[EventRounds "15"]
[EventCountry "GER"]
[SourceTitle "CBM 094"]
[Source "ChessBase"]
[SourceDate "2003.05.26"]
[SourceVersion "1"]
[SourceVersionDate "2003.05.26"]
[SourceQuality "1"]
[WhiteTeam "Solingen"]
[BlackTeam "Tegernsee"]
[WhiteTeamCountry "GER"]
[BlackTeamCountry "GER"]

1. d4 d5 2. c4 e6 3. Nc3 Nf6 4. Bg5 Be7 5. e3 h6 6. Bh4 O-O 7. Nf3 b6 8. Bd3
Bb7 9. O-O Ne4 {Eine seltene, aber gut spielbare Fortsetzung.} ({Als der
sicherste Weg zum Ausgleich gilt} 9... Nbd7 10. Qe2 c5 11. Rfd1 Ne4) 10. Bg3 c5
11. cxd5 exd5 12. Ne5 $5 $146 {Sadler versucht, seinen leichten
Entwicklungsvorsprung auf taktische Weise auszunutzen.} (12. Qe2 Nd7 13. Rad1
Nxg3 14. hxg3 c4 15. Bb1 a6 16. e4 dxe4 17. Nxe4 b5 18. Ne5 Qc7 $11 {Babula,
V-Boensch,U/Germany 2000}) 12... Nxg3 (12... Nxc3 13. bxc3 $14) 13. fxg3 $5 {
Öffnet die f-Linie und droht unzweideutig mit dem Mattangriff nach Qg4-f5. Die
Verschlechterung der weißen Struktur ist vorerst ohne große Bedeutung, und in
einer praktischen Partie ist es für Schwarz nicht leicht, die besten
Verteidigungszüge zu finden.} (13. hxg3 Nd7 $11) 13... Nd7 $1 {Schwarz muß bei
seinen nächsten Zügen äußerst aufpassen.} (13... Nc6 $2 14. Ba6 $1 Bxa6 15.
Nxc6 Qd7 16. Nxe7+ Qxe7 17. Nxd5 $14) 14. Qg4 Nxe5 $1 (14... Nf6 $2 15. Rxf6
Bxf6 16. Qf5 g6 (16... Re8 17. Nd7 $16) 17. Nxg6 fxg6 $2 (17... Re8 18. Nf4 $40
) 18. Qxg6+ Bg7 19. Qh7+ Kf7 20. Rf1+ $18) 15. dxe5 c4 $1 (15... Qc8 16. Bf5
Qc7 17. e6 $40) 16. Bf5 $1 {Sadler plant, dem gegnerischen König mit dem
Vorstoß e5-e6 beizukommen.} (16. Bc2 $2 Qc8 $1 17. Bf5 Qc5 18. Rae1 Bg5 $15)
16... Bc5 17. e6 Bc8 $2 {Dieser Zug macht schon optisch einen schlechten
Eindruck, und das Auge irrt sich keineswegs. Wie so oft nach einem Opfer,
bestand die richtige Vorgehensweise in seiner Annahme.} (17... Bxe3+ 18. Kh1
Kh8 $1 ({auch 18...fxe6 ist remisverdächtig:} 18... fxe6 19. Bxe6+ Kh8 20.
Rxf8+ Qxf8 21. Bxd5 Bxd5 22. Nxd5 Qc5 23. Nxe3 Qxe3 24. Qxc4 $14) 19. exf7 {
Nun kann Schwarz zwischen zwei gleichwertigen Fortsetzungen wählen, die zum
Ausgleich führen:} Rxf7 (19... Qg5 20. Qxg5 Bxg5 21. Be6 Bf6 (21... Rad8 22.
Rad1 d4 23. Nb5 $14) 22. Rad1 (22. Nxd5 $2 Bxb2 23. Rae1 Bxd5 24. Bxd5 Rac8 $15
) 22... Bxc3 23. bxc3 Rad8 $11 {/\Rd6, g6,Kg7}) 20. Qg6 Qg8 21. Be6 Rxf1+ 22.
Rxf1 Rf8 23. Rf4 Rxf4 24. gxf4 Qa8 25. Bf5 Qg8 26. Be6 Qa8 $11) 18. Kh1 fxe6 $2
(18... Bxe3 {war noch das kleinste Übel:} 19. exf7+ Rxf7 20. Be6 Bxe6 21. Qxe6
Qe7 22. Qxd5 Raf8 23. Qxc4 $14) 19. Bxe6+ Kh8 20. Nxd5 $16 {Weiß gewann einen
Bauern bei aktiver Figurenstellung.} Bxe6 21. Qxe6 Re8 22. Qf5 Bxe3 $4 {
Verliert sofort, dabei ließ sich mit dem Manöver Qd6-e5 ein zäher Widerstand
leisten.} (22... Qd6 23. Rad1 Qe5 24. Qc2 $16) 23. Rae1 (23. Rae1 Bc5 24. Rxe8+
Qxe8 25. Nc7 $18) 1-0

[Event "Samba Cup 1st"]
[Site "Skanderborg"]
[Date "2003.10.12"]
[Round "3"]
[White "Sasikiran, Krishnan"]
[Black "Kasimdzhanov, Rustam"]
[Result "1-0"]
[WhiteElo "2679"]
[BlackElo "2668"]
[Annotator "Dautov,R"]
[PlyCount "79"]
[EventDate "2003.10.10"]
[EventType "tourn"]
[EventRounds "9"]
[EventCountry "DEN"]
[EventCategory "16"]
[SourceTitle "CBM 098"]
[Source "ChessBase"]
[SourceDate "2004.02.03"]
[SourceVersion "1"]
[SourceVersionDate "2004.02.03"]
[SourceQuality "1"]

1. d4 d5 2. c4 e6 3. Nc3 Be7 4. Nf3 Nf6 5. Bg5 h6 6. Bh4 O-O 7. e3 b6 8. Bd3
Bb7 9. O-O Nbd7 10. Qe2 c5 11. Bg3 Ne4 12. cxd5 exd5 13. Rad1 Qc8 (13... Nxg3
14. hxg3 Nf6 15. dxc5 bxc5 16. e4 d4 17. e5 Ne8 18. Ne4 Bd5 19. Nfd2 $1 $36 {
Moiseenko,A-Sargissian,G/Istanbul 2003}) 14. a4 $146 {Weiß wartet Ndf6 ab und
macht in der Zwischenzeit einen nützlichen Zug. Die anderen bereits erprobten
Möglichkeiten sind 14.Rfe1 und 14.Bb1.} (14. Rfe1 Ndf6 (14... Bf6 15. Bxe4 dxe4
16. Nd2 cxd4 17. exd4 Bxd4 18. Nb5 Bxb2 19. Nd6 Qc6 20. N2xe4 $14 {Babula,
V-Gabriel,C/Bremer 2003}) 15. dxc5 Nxc3 16. bxc3 Qxc5 17. Be5 Ne4 18. Bd4 Qa5
19. Bxe4 dxe4 20. Ne5 Qd5 21. Qg4 $36 {Babula,V-Nielsen,P/Germany 2001}) (14.
Bb1 Ndf6 15. Qc2 Re8 16. Be5 Qe6 17. dxc5 bxc5 $11 {Lautier,J-Short,N/Pamplona
2000}) 14... Ndf6 {Auch Schwarz könnte durchaus die Abwartetaktik anwenden, so
kamen die Züge 14...Re8 oder 14...a6 in Frage.} (14... Re8 $5) (14... a6 $5)
15. Ne5 Qe6 16. f4 $1 {Stark gespielt! Weiß verliert keine Zeit an die
Springervertreibung f2-f3, denn der Ne4 wird ohnehin bald abgetauscht.
Vielmehr wird ein schnelles Vorgehen auf dem Königsflügel angestrebt, z.B., f5,
Bh4 oder auch N(B)xe4.} (16. f3 Nxg3 17. hxg3 Bd6 $11) 16... cxd4 $2 {Die
frühzeitige Öffnung der e-Linie vergrößert lediglich die weißen Möglichkeiten.
Stattdessen sollte Schwarz nach dem Tausch auf g3 die Spannung im Zentrum
halten.} (16... Rad8 17. Bh4 Nxc3 18. bxc3 $14) (16... Nxg3 17. hxg3 Rad8 $1 (
17... c4 $6 18. Bb1 Bb4 19. g4 $40) (17... Rfe8 18. g4 Bd6 19. g5 hxg5 20. fxg5
Bxe5 21. dxe5 Nd7 22. Bf5 Qe7 23. g6 $1 Nxe5 24. gxf7+ Nxf7 25. Bg6 Rf8 26.
Nxd5 Bxd5 27. Rxd5 $14) 18. g4 Ne4 19. Qf3 (19. Nxe4 dxe4 20. Bc4 Bd5 $11)
19... Nxc3 20. bxc3 Bd6 $11) 17. exd4 {Auch der Abtausch 17...Nxc3 könnte
nicht überzeugen, war jedoch noch das kleinere Übel.} Nxg3 $6 (17... Nxc3 18.
bxc3 Ne4 19. Bxe4 dxe4 20. f5 Qc8 21. c4 $14) 18. hxg3 Bb4 19. g4 {Nun kann
Schwarz die Öffnung g4-g5 mit dem folgenden Angriff auf der h-Linie nicht
abwenden.} Rae8 20. g5 $16 hxg5 (20... Ne4 21. f5 $16) 21. fxg5 Ne4 (21... Bxc3
22. bxc3 Ne4 23. Qh5 g6 24. Qh4 $16) 22. Bxe4 $1 {Erneut energisch gespielt.
Ganz zurecht gibt sich Sasikiran mit dem direkten Bauerngewinn nicht zufrieden
und will mehr.} (22. Nxe4 dxe4 23. Bxe4 Bxe4 24. Qxe4 Bd6 $14) 22... dxe4 23.
Qh5 $1 {/\Rf4-h4} Bxc3 (23... e3 $2 24. Rf4 e2 25. Rh4 exd1=Q+ 26. Nxd1 $18)
24. bxc3 e3 25. Rde1 (25. g6 $5 fxg6 26. Rxf8+ (26. Nxg6 $2 Rf2 $17) 26... Rxf8
27. Nxg6 Rf2 $1 28. Qh8+ Kf7 29. Ne5+ $16 Qxe5 30. dxe5 Rxg2+ 31. Kf1 e2+ 32.
Ke1 exd1=Q+ 33. Kxd1 $16) 25... Qd5 26. Qh3 {Diese Version des Bauerngewinns
ist deutlich überzeugender. Kasimdzhanov opfert verzweifelt eine Qualität,
kann sich aber nicht retten.} Rxe5 (26... Bc8 27. Qxe3 Bd7 28. Rf4 Bxa4 29. Rh4
$18) 27. dxe5 Re8 28. Rxe3 Rxe5 29. Rxe5 Qxe5 30. Qd7 $18 Qe3+ 31. Kh2 Qe5+ 32.
Kh1 Bxg2+ (32... Bd5 33. Qc8+ Kh7 34. Qf5+ Qxf5 35. Rxf5 $18) 33. Kxg2 Qxg5+
34. Kf2 (34. Kf3 $1 Qf6+ 35. Ke2 Qe5+ 36. Kd1 $18) 34... Qf4+ 35. Ke2 Qe4+ 36.
Kd2 Qg2+ 37. Ke1 Qe4+ 38. Kf2 Qf4+ 39. Kg2 Qg5+ 40. Kf3 1-0